Safeguarding food security in volatile global markets / (Record no. 11585)

000 -LEADER
fixed length control field 00566cam a22001817a 4500
020 ## - INTERNATIONAL STANDARD BOOK NUMBER
ISBN 9789251068038
020 ## - INTERNATIONAL STANDARD BOOK NUMBER
ISBN 9251068038
040 ## - CATALOGING SOURCE
Transcribing agency BTCTA
082 ## - DEWEY DECIMAL CLASSIFICATION NUMBER
Classification number 338 FOO 2011 A015 Or.
245 00 - TITLE STATEMENT
Title Safeguarding food security in volatile global markets /
260 ## - PUBLICATION, DISTRIBUTION, ETC. (IMPRINT)
Place of publication Rome :
Name of publisher Food and Agriculture Organization of the United Nations,
Year of publication 2011.
300 ## - PHYSICAL DESCRIPTION
Number of Pages xxii, 594 p. :
Other physical details col. ill. ;
Dimensions 25 cm.
650 #0 - SUBJECT ADDED ENTRY--TOPICAL TERM
Topical Term Food prices.
650 #0 - SUBJECT ADDED ENTRY--TOPICAL TERM
Topical Term Food security
700 1# - ADDED ENTRY--PERSONAL NAME
Personal name Prakash, Adam.
710 2# - ADDED ENTRY--CORPORATE NAME
Corporate name or jurisdiction name as entry element Food and Agriculture Organization of the United Nations.
942 ## - ADDED ENTRY ELEMENTS (KOHA)
Koha item type សៀវភៅភាសាអង់គ្លេស
952 ## - LOCATION AND ITEM INFORMATION (KOHA)
Withdrawn status [LOCAL, KOHA] 0
Holdings
Permanent Location Date acquired Koha item type Lost status Shelving location Barcode Current Location Full call number
Library Block A2017-08-03សៀវភៅភាសាអង់គ្លេស A015A10237Library Block A338 FOO 2011 A015 Or.
មជ្ឈមណ្ឌលឯការនៃសាកលវិទ្យាល័យភូមិន្ទកសិកម្មចំការដូង

Powered by Koha